Escola de la Dona : oferta educativa ... / [Àrea d'Igualtat i Ciutadania. Escola de la Dona] oferta educativa ... / [Àrea d'Igualtat i Ciutadania. Escola de la Dona]
Descripción Física:
21 cm
MARC
| LEADER | 00000nam a2200000Ia 4500 | ||
|---|---|---|---|
| 001 | 16950, 16947, 18228, 19281, 19451, 20584, 22159, 22894, 23213 | ||
| 008 | 160829s2004 - xx 000 0 cat d | ||
| 080 | |a E-1-238, E-1-237, E-1-273, E-1-282, E-1-287, E-1-294, E-1-360, E-1-389, E-1-398 | ||
| 110 | 2 | |a Escola Professional de la Dona |9 52886 | |
| 245 | |a Escola de la Dona : |b oferta educativa ... / [Àrea d'Igualtat i Ciutadania. Escola de la Dona] | ||
| 260 | |a [Barcelona] : |b Diputació de Barcelona. Institut d'Edicions, |c 2004 - | ||
| 300 | |a 21 cm | ||
| 590 | |a A la contraportada : Centre Francesca Bonnemaison, Servei de Promoció de Polítiques d'Igualtat Home-Dona, Escola de la Dona, Centre de Recerca, Biblioteca, Centre de Cultura de Dones | ||
| 650 | |a Dones |x Educació |9 46487 | ||
| 650 | |a Ensenyament |x Manuals, guies, etc. |9 46488 | ||
| 710 | |a Barcelona (Catalunya : Província). |b Àrea d'Igualtat i Ciutadania |9 7840 | ||
| 710 | |a Barcelona (Catalunya : Província). |b Institut d'Edicions |9 53854 | ||
| 866 | |a 2004 - 2005, 2005 - 2006, 2006 - 2007, 2007 - 2008, 2008 - 2009, 2009 - 2010, 2010 - 2011, 2011 - 2012 | ||
| 901 | |a Arxiu | ||
| 942 | |n 1 | ||
| 952 | |0 0 |1 0 |4 0 |6 E1238_E1237_E1273_E1282_E1287_E1294_E1360_E1389_E1398 |7 1 |9 53240 |a Arxiu |b Arxiu |d 2016-12-01 |l 0 |o E-1-238, E-1-237, E-1-273, E-1-282, E-1-287, E-1-294, E-1-360, E-1-389, E-1-398 |p 16950, 16947, 18228, |r 2016-12-01 00:00:00 |w 2016-12-01 |y ARXIU | ||
| 999 | |c 57104 |d 57104 | ||